000 00685 a2200241 4500
001 00000
003 0000
005 20251013144204.0
020 _a9781032124315
040 _erda
050 _aHE 305 .A41
100 _aNogueira, Maria Alice(Editor)
245 _aAlternative (Im)mobilities
_cedited by Maria Alice Nogueira
260 _aLondon
_bRoutledge
_c2023
264 _aLondon
_bRoutledge
_c2023
300 _axvi, 159p.
336 _2rdacontent
338 _2rdacarrier
490 _aChanging Mobilities
504 _aIncludes bibliographical references and index
650 _2Urban Transportation
_vChoice of Transportation
_xMigration, Internal
942 _2lcc
_cBK
999 _c43735
_d43735